[Event "Helsinki Chess Festival - Girls U20"]
[Site "chess24.com"]
[Date "2019.08.17"]
[Round "8"]
[White "Norlamo, Sarabella"]
[Black "Nilssen, Ellen Fredericia"]
[Result "0-1"]
[Board "1"]
[WhiteElo "1998"]
[WhiteCountry "FIN"]
[WhiteFideId "4505344"]
[WhiteEloChange "-6"]
[BlackTitle "WFM"]
[BlackElo "2140"]
[BlackCountry "DEN"]
[BlackFideId "1441230"]
[BlackEloChange "6"]

1. c4 {[%clk 1:30:30]} c5 {[%clk 1:30:54]} 2. Nc3 {[%clk 1:30:49]} g6 {[%clk
1:31:20]} 3. Nf3 {[%clk 1:31:19]} Nc6 {[%clk 1:31:45]} 4. g3 {[%clk 1:27:12]} Bg7
{[%clk 1:32:15]} 5. Bg2 {[%clk 1:27:42]} e6 {[%clk 1:32:45]} 6. O-O {[%clk
1:28:12]} Nge7 {[%clk 1:33:15]} 7. d3 {[%clk 1:28:42]} O-O {[%clk 1:33:45]} 8.
Be3 {[%clk 1:29:12]} d6 {[%clk 1:34:15]} 9. Qc1 {[%clk 1:29:42]} Nf5 {[%clk
1:34:45]} 10. Bg5 {[%clk 1:30:12]} Qd7 {[%clk 1:35:15]} 11. e4 {[%clk 1:30:42]}
Nfd4 {[%clk 1:35:45]} 12. Bh6 {[%clk 1:31:12]} Rb8 {[%clk 1:36:15]} 13. Bxg7
{[%clk 1:31:42]} Kxg7 {[%clk 1:36:45]} 14. Qd2 {[%clk 1:32:12]} a6 {[%clk
1:37:15]} 15. Nxd4 {[%clk 1:32:42]} Nxd4 {[%clk 1:37:45]} 16. Ne2 {[%clk
1:33:12]} Nxe2+ {[%clk 1:38:15]} 17. Qxe2 {[%clk 1:33:42]} b5 {[%clk 1:38:45]}
18. Rfd1 {[%clk 1:34:12]} e5 {[%clk 1:39:15]} 19. Rab1 {[%clk 1:34:42]} Qc7
{[%clk 1:39:45]} 20. Rdc1 {[%clk 1:35:12]} Be6 {[%clk 1:40:15]} 21. Qd2 {[%clk
1:35:42]} a5 {[%clk 1:40:45]} 22. Bf1 {[%clk 1:36:12]} Rb7 {[%clk 1:41:15]} 23.
a3 {[%clk 1:36:42]} b4 {[%clk 1:41:45]} 24. Be2 {[%clk 1:37:12]} Rfb8 {[%clk
1:42:15]} 25. Qc2 {[%clk 1:37:42]} Rb6 {[%clk 1:42:45]} 26. Qa4 {[%clk 1:38:12]}
Bd7 {[%clk 1:43:15]} 27. Qb3 {[%clk 1:38:42]} bxa3 {[%clk 1:43:45]} 28. Qxa3
{[%clk 1:39:12]} Rb3 {[%clk 1:44:15]} 29. Qa2 {[%clk 1:39:42]} Qb6 {[%clk
1:44:45]} 30. Kf1 {[%clk 1:40:12]} Qb4 {[%clk 1:45:15]} 31. Ra1 {[%clk 1:40:42]}
Bh3+ {[%clk 1:45:45]} 32. Kg1 {[%clk 1:41:12]} Rxb2 {[%clk 1:46:15]} 33. Qxa5
{[%clk 1:41:42]} Qxa5 {[%clk 1:46:45]} 34. Rxa5 {[%clk 1:42:12]} Rxe2 {[%clk
1:47:15]} 35. Ra6 {[%clk 1:42:42]} Rbb2 {[%clk 1:47:45]} 0-1

[Event "Helsinki Chess Festival - Girls U20"]
[Site "chess24.com"]
[Date "2019.08.17"]
[Round "8"]
[White "Lehtinen, Helja"]
[Black "Limanovska, Elizabete"]
[Result "0-1"]
[Board "2"]
[WhiteElo "1818"]
[WhiteCountry "FIN"]
[WhiteFideId "515566"]
[WhiteEloChange "-2"]
[BlackTitle "WFM"]
[BlackElo "2169"]
[BlackCountry "LAT"]
[BlackFideId "11603542"]
[BlackEloChange "2"]

1. d4 {[%clk 1:30:57]} Nf6 {[%clk 1:30:55]} 2. c4 {[%clk 1:31:19]} e6 {[%clk
1:31:22]} 3. Nc3 {[%clk 1:31:10]} Bb4 {[%clk 1:31:43]} 4. e3 {[%clk 1:30:41]} O-O
{[%clk 1:30:40]} 5. Ne2 {[%clk 1:29:41]} Re8 {[%clk 1:30:45]} 6. a3 {[%clk
1:29:03]} Bf8 {[%clk 1:31:05]} 7. Ng3 {[%clk 1:27:14]} d5 {[%clk 1:27:07]} 8.
cxd5 {[%clk 1:24:18]} exd5 {[%clk 1:26:57]} 9. Bd3 {[%clk 1:23:53]} b6 {[%clk
1:19:59]} 10. b4 {[%clk 1:15:36]} c6 {[%clk 1:12:14]} 11. O-O {[%clk 1:13:13]}
Ba6 {[%clk 1:09:48]} 12. Bb2 {[%clk 1:08:30]} Bxd3 {[%clk 1:04:31]} 13. Qxd3
{[%clk 1:08:50]} Nbd7 {[%clk 0:41:54]} 14. Rac1 {[%clk 1:09:14]} b5 {[%clk
0:42:18]} 15. Nb1 {[%clk 1:09:39]} Rc8 {[%clk 0:42:43]} 16. Nd2 {[%clk 1:09:49]}
Nb6 {[%clk 0:43:08]} 17. Qc2 {[%clk 1:10:14]} g6 {[%clk 0:23:04]} 18. Rce1 {[%clk
1:10:14]} h5 {[%clk 0:23:29]} 19. Ne2 {[%clk 1:10:39]} Bd6 20. Nf4 {[%clk
1:11:04]} Qc7 21. g3 {[%clk 1:11:24]} h4 22. Nf3 {[%clk 1:11:24]} hxg3 23. hxg3
{[%clk 1:11:49]} Nc4 24. Ra1 {[%clk 1:12:14]} Ne4 25. Kg2 {[%clk 1:12:39]} Kg7
26. Rh1 {[%clk 1:13:04]} Rh8 27. Qb3 {[%clk 1:13:29]} Qe7 28. Bc3 {[%clk
1:13:49]} Rce8 29. Qc2 {[%clk 1:14:14]} a6 30. Qd3 {[%clk 1:14:14]} Rxh1 31. Rxh1
{[%clk 1:14:14]} Nxa3 32. Ne5 {[%clk 1:14:14]} Nc4 33. Nxc6 {[%clk 1:14:14]} Qc7
34. Na5 {[%clk 1:14:39]} Bxf4 35. exf4 {[%clk 1:14:39]} Nxa5 36. bxa5 {[%clk
1:14:39]} Qxc3 37. Qd1 {[%clk 1:14:39]} Qd2 38. Qf3 {[%clk 1:14:39]} Nxf2 0-1

[Event "Helsinki Chess Festival - Girls U20"]
[Site "chess24.com"]
[Date "2019.08.17"]
[Round "8"]
[White "Nazarova, Anastasia"]
[Black "Diakonova, Ekaterina"]
[Result "0-1"]
[Board "3"]
[WhiteTitle "WFM"]
[WhiteElo "2261"]
[WhiteCountry "FIN"]
[WhiteFideId "34101737"]
[WhiteEloChange "-11"]
[BlackElo "2209"]
[BlackCountry "RUS"]
[BlackFideId "24172936"]
[BlackEloChange "11"]

1. e4 {[%clk 1:30:59]} e5 {[%clk 1:30:57]} 2. Nf3 {[%clk 1:31:23]} Nc6 {[%clk
1:31:22]} 3. Bb5 {[%clk 1:31:44]} a6 {[%clk 1:31:47]} 4. Ba4 {[%clk 1:32:10]} Nf6
{[%clk 1:32:13]} 5. d3 {[%clk 1:32:33]} b5 {[%clk 1:31:27]} 6. Bb3 {[%clk
1:32:56]} Be7 {[%clk 1:25:48]} 7. O-O {[%clk 1:30:47]} d6 {[%clk 1:25:24]} 8. c3
{[%clk 1:30:50]} O-O {[%clk 1:24:36]} 9. Re1 {[%clk 1:30:06]} Na5 {[%clk
1:22:54]} 10. Bc2 {[%clk 1:30:05]} c5 {[%clk 1:23:04]} 11. Nbd2 {[%clk 1:28:52]}
Qc7 {[%clk 1:13:31]} 12. Nf1 {[%clk 1:28:17]} h6 {[%clk 0:59:37]} 13. Ng3 {[%clk
1:27:57]} Re8 {[%clk 0:59:51]} 14. Bd2 {[%clk 1:17:49]} Bb7 {[%clk 0:37:01]} 15.
h3 {[%clk 1:18:08]} Bf8 {[%clk 0:37:25]} 16. Nh2 {[%clk 1:18:33]} d5 {[%clk
0:37:25]} 17. Qf3 {[%clk 1:18:58]} Qb6 {[%clk 0:37:50]} 18. Nf5 {[%clk 1:19:23]}
dxe4 {[%clk 0:38:15]} 19. dxe4 {[%clk 1:19:23]} Nc4 {[%clk 0:38:35]} 20. Bc1
{[%clk 1:19:23]} Rad8 {[%clk 0:39:00]} 21. Nf1 {[%clk 1:19:23]} Qe6 {[%clk
0:19:21]} 22. b3 {[%clk 1:19:23]} Nd6 {[%clk 0:19:46]} 23. N1g3 {[%clk 1:19:43]}
Kh7 {[%clk 0:20:11]} 24. Nxd6 {[%clk 1:20:08]} Rxd6 {[%clk 0:20:11]} 25. Nf5
{[%clk 1:20:33]} Rd7 26. Be3 {[%clk 1:20:48]} c4 27. b4 {[%clk 1:20:48]} g6 28.
Ng3 {[%clk 1:20:48]} Bg7 29. a4 {[%clk 1:20:48]} Qc6 30. axb5 {[%clk 1:21:13]}
axb5 31. Ra5 {[%clk 1:21:38]} Red8 32. Qe2 {[%clk 1:22:03]} Ne8 33. f3 {[%clk
1:22:28]} Nc7 34. Nf1 {[%clk 1:22:53]} Ne6 35. g3 {[%clk 1:22:53]} Nd4 36. Qf2
{[%clk 1:23:13]} Nxc2 37. Qxc2 {[%clk 1:23:13]} Rd3 38. Ra2 {[%clk 1:23:38]} f5
39. Qf2 {[%clk 1:24:03]} fxe4 40. Rc2 {[%clk 1:24:23]} exf3 41. Rd2 {[%clk
1:24:27]} e4 42. Rc1 {[%clk 1:24:52]} Be5 43. g4 {[%clk 1:25:17]} Qf6 44. Ra2
{[%clk 1:25:17]} Bxc3 45. Ra7 {[%clk 1:25:17]} R8d7 46. Ng3 {[%clk 1:25:42]} Rxe3
0-1

[Event "Helsinki Chess Festival - Girls U20"]
[Site "chess24.com"]
[Date "2019.08.17"]
[Round "8"]
[White "Simkunaite, Gabija"]
[Black "Olde, Margareth"]
[Result "0-1"]
[Board "4"]
[WhiteElo "1978"]
[WhiteCountry "LTU"]
[WhiteFideId "12808253"]
[WhiteEloChange "-6"]
[BlackTitle "WFM"]
[BlackElo "2122"]
[BlackCountry "EST"]
[BlackFideId "4503082"]
[BlackEloChange "6"]

1. e4 {[%clk 1:30:53]} d6 {[%clk 1:30:51]} 2. d4 {[%clk 1:30:44]} Nf6 {[%clk
1:31:13]} 3. Nc3 {[%clk 1:31:08]} e5 {[%clk 1:31:37]} 4. dxe5 {[%clk 1:30:15]}
dxe5 {[%clk 1:32:02]} 5. Qxd8+ {[%clk 1:28:10]} Kxd8 {[%clk 1:32:21]} 6. Bg5
{[%clk 1:23:25]} Be6 {[%clk 1:29:36]} 7. Bd3 {[%clk 1:19:34]} h6 {[%clk 1:24:16]}
8. Bxf6+ {[%clk 1:14:34]} gxf6 {[%clk 1:24:39]} 9. Nge2 {[%clk 1:14:36]} Rg8
{[%clk 1:18:15]} 10. g3 {[%clk 1:07:59]} c6 {[%clk 1:15:15]} 11. f4 {[%clk
1:00:00]} b5 {[%clk 1:14:04]} 12. f5 {[%clk 0:20:04]} Bc8 {[%clk 1:14:23]} 13.
Rd1 {[%clk 0:20:28]} Nd7 {[%clk 1:14:48]} 14. a4 {[%clk 0:20:53]} a6 {[%clk
1:15:13]} 15. Kf1 {[%clk 0:21:18]} Kc7 {[%clk 1:15:38]} 16. Kg2 {[%clk 0:21:48]}
Nc5 {[%clk 1:15:58]} 17. axb5 {[%clk 0:22:18]} axb5 {[%clk 1:16:23]} 18. Ra1
{[%clk 0:22:43]} Ba6 {[%clk 0:55:58]} 19. Nd1 Be7 {[%clk 0:56:23]} 20. Nf2 Rgd8
{[%clk 0:56:48]} 21. b4 Na4 {[%clk 0:56:48]} 22. Rhb1 Nb6 {[%clk 0:57:13]} 23.
Nc1 Bb7 {[%clk 0:57:38]} 24. c3 Rxa1 {[%clk 0:57:38]} 25. Rxa1 Na4 {[%clk
0:57:38]} 26. Ne2 Nb2 {[%clk 0:58:03]} 27. Nc1 Kb6 {[%clk 0:58:23]} 28. Ra2 Na4
{[%clk 0:58:48]} 29. Ne2 c5 {[%clk 0:58:48]} 30. bxc5+ Bxc5 {[%clk 0:58:48]} 31.
Bb1 h5 {[%clk 0:59:13]} 32. c4 Bxf2 {[%clk 0:59:33]} 33. Kxf2 Nc5 {[%clk
0:59:53]} 34. Rb2 Nxe4+ {[%clk 1:00:18]} 35. Bxe4 Bxe4 {[%clk 1:00:43]} 36. Rxb5+
Kc6 {[%clk 1:00:43]} 37. Ra5 Bxf5 {[%clk 1:01:08]} 38. Ra6+ Kc5 {[%clk 1:01:33]}
39. Rxf6 Bg6 {[%clk 1:01:33]} 40. Ke1 Kxc4 {[%clk 1:01:58]} 41. Ra6 Kd3 {[%clk
1:01:58]} 42. Ra5 Ke4 {[%clk 1:02:23]} 43. Nc3+ Kf5 {[%clk 1:02:47]} 44. Ke2 Rb8
{[%clk 1:03:12]} 45. Nd1 Kf6 {[%clk 1:03:12]} 46. Rc5 Bf5 {[%clk 0:54:33]} 47.
Kf2 Rb6 {[%clk 0:54:58]} 48. Ne3 Rb2+ {[%clk 0:54:58]} 49. Kg1 Be4 {[%clk
0:55:23]} 50. Ra5 Re2 {[%clk 0:55:23]} 51. Ra6+ Kg7 {[%clk 0:55:48]} 52. Nc4 Bd5
{[%clk 0:56:03]} 53. Nd6 Be6 {[%clk 0:26:17]} 54. Ne8+ Kh7 {[%clk 0:26:42]} 55.
Nc7 Bh3 {[%clk 0:26:42]} 56. Nd5 0-1

[Event "Helsinki Chess Festival - Girls U20"]
[Site "chess24.com"]
[Date "2019.08.17"]
[Round "8"]
[White "Hina, Ariza"]
[Black "Narva, Mai"]
[Result "0-1"]
[Board "5"]
[WhiteElo "1737"]
[WhiteCountry "NOR"]
[WhiteFideId "1525441"]
[WhiteEloChange "-2"]
[BlackTitle "WIM"]
[BlackElo "2358"]
[BlackCountry "EST"]
[BlackFideId "4500512"]
[BlackEloChange "2"]

1. e4 {[%clk 1:30:58]} c5 {[%clk 1:30:53]} 2. Nc3 {[%clk 1:31:24]} Nc6 {[%clk
1:31:15]} 3. f4 {[%clk 1:31:49]} g6 {[%clk 1:31:36]} 4. Nf3 {[%clk 1:32:13]} Bg7
{[%clk 1:32:00]} 5. Bb5 {[%clk 1:32:38]} Nd4 {[%clk 1:32:19]} 6. Bc4 {[%clk
1:33:01]} e6 {[%clk 1:32:40]} 7. d3 {[%clk 1:33:23]} Ne7 {[%clk 1:33:01]} 8. a3
{[%clk 1:33:43]} d5 {[%clk 1:33:17]} 9. Ba2 {[%clk 1:34:03]} O-O {[%clk 1:33:36]}
10. O-O {[%clk 1:34:28]} b6 {[%clk 1:33:47]} 11. Bd2 {[%clk 1:33:57]} Bb7 {[%clk
1:33:44]} 12. Kh1 {[%clk 1:33:33]} Nxf3 {[%clk 1:26:02]} 13. Rxf3 {[%clk
1:31:44]} dxe4 {[%clk 1:23:18]} 14. dxe4 {[%clk 1:29:07]} Bxc3 {[%clk 1:21:24]}
15. Bxc3 {[%clk 1:28:21]} Bxe4 {[%clk 1:21:01]} 16. Rf2 {[%clk 1:28:23]} Qxd1+
{[%clk 1:20:08]} 17. Rxd1 {[%clk 1:28:44]} Nd5 {[%clk 1:19:38]} 18. Bxd5 {[%clk
1:26:37]} exd5 {[%clk 1:19:54]} 19. Bf6 {[%clk 1:26:10]} Rfe8 {[%clk 1:17:40]}
20. c3 {[%clk 1:20:58]} a5 {[%clk 1:15:34]} 21. Kg1 {[%clk 1:18:04]} Re6 {[%clk
1:14:47]} 22. Bh4 {[%clk 1:17:39]} h5 {[%clk 1:13:45]} 23. Rfd2 {[%clk 1:13:14]}
Kg7 {[%clk 1:13:22]} 24. Bf2 {[%clk 1:13:21]} Rf6 {[%clk 1:12:28]} 25. Be3 {[%clk
1:12:32]} Re8 {[%clk 0:59:23]} 26. Re1 {[%clk 1:12:41]} a4 {[%clk 0:59:23]} 27.
g3 {[%clk 1:13:06]} Rfe6 {[%clk 0:59:42]} 28. Bf2 {[%clk 1:13:06]} Kf6 {[%clk
1:00:07]} 29. Re3 {[%clk 1:13:31]} Ke7 {[%clk 1:00:27]} 30. Kf1 {[%clk 1:13:56]}
Kd6 {[%clk 1:00:32]} 31. Ke1 {[%clk 1:14:21]} Kc6 {[%clk 1:00:57]} 32. Kd1 {[%clk
1:14:46]} Kb5 {[%clk 1:00:57]} 33. Kc1 {[%clk 1:15:11]} Kc4 {[%clk 1:01:22]} 34.
Re1 {[%clk 1:15:36]} Rf6 {[%clk 1:01:47]} 35. Bg1 {[%clk 0:01:15]} h4 {[%clk
1:02:12]} 36. Bf2 {[%clk 0:01:40]} hxg3 {[%clk 1:02:37]} 37. Bxg3 {[%clk
0:02:05]} b5 {[%clk 1:03:02]} 38. h4 {[%clk 0:02:30]} Rfe6 {[%clk 1:03:27]} 39.
Ree2 {[%clk 0:02:55]} d4 {[%clk 1:03:27]} 40. cxd4 {[%clk 0:03:20]} cxd4 {[%clk
1:03:52]} 41. Rh2 {[%clk 0:03:20]} Bf3 {[%clk 1:04:17]} 42. Kb1 {[%clk 0:03:45]}
Re1+ {[%clk 1:04:42]} 43. Bxe1 {[%clk 0:04:10]} Rxe1+ {[%clk 1:04:42]} 44. Ka2
{[%clk 0:04:35]} d3 {[%clk 1:05:07]} 45. Rh3 {[%clk 0:05:00]} Be4 {[%clk
1:05:17]} 46. h5 {[%clk 0:05:00]} gxh5 {[%clk 1:05:41]} 47. Rxh5 {[%clk 0:05:00]}
Kd4 {[%clk 1:06:01]} 48. Rxb5 {[%clk 0:05:00]} Ke3 {[%clk 1:06:21]} 49. Rh2
{[%clk 0:05:25]} d2 {[%clk 1:06:21]} 50. Rxd2 {[%clk 0:05:45]} Bb1+ {[%clk
1:06:31]} 51. Ka1 {[%clk 0:05:45]} Bc2+ {[%clk 1:06:46]} 0-1